000 01011nam a22002537a 4500
005 20170123164151.0
010 _aB-065845
020 _c125.00
_a8175991208
035 _aB-065845
037 _bCen Lib / Ret
040 _aDPL
_bPN
082 _a850.8
_bਦਰਸ਼
100 _aਦਰਸ਼ਨ ਸਿੰਘ
_9128784
245 _aਅੱਧ-ਚਾਨਣਾ :
_cਦਰਸ਼ਨ ਸਿੰਘ
_bਰੇਖਾ-ਚਿੱਤਰ /
246 _aAddh-chanana : life sketches /
_bby Darshan Singh
260 _aਨਵੀ ਦਿੱਲੀ
_bਨਵਯੁਗ ਪਬਲਿਸ਼ਰਜ਼
_c2001
270 _aਕੇ. 24, ਹੁਜ਼ ਖਾਸ
_bਨਵੀ ਦਿੱਲੀ
_e110016
300 _a168p.
_c21cm(pbk)
650 _a ਪੰਜਾਬੀ ਸਾਹਿਤ
_9128785
650 _aਪੰਜਾਬੀ ਕਹਾਣੀਆਂ
_9128786
650 _aਪੰਜਾਬੀ - ਸਾਹਿਤ
_9128787
650 _aPunjabi Literature -- Fiction
_99827
942 _2ddc
_cPN
_h850.8
_mਦਰਸ਼
999 _c110387
_d110387